Datum a čas kvízu
36.5
Celkem bodů
Celkový počet nahraných bodů na tomto kvízu bez doplňovacích otázek.
3.
Pořadí na kvízu
Konečné umístění týmu na tomto kvízu.
Zaznamenané odpovědi
| # | Otázka | Odpověď | Body | Výsledky |
|---|---|---|---|---|
| 1. | Facebook minulý týden zablokov... | Trutnov | 1 | |
| 2. | Syn jednoho amerického politik... | Donald Trump (mladší) | 1 | |
| 3. | Která moderátorka zábavné sout... | Tereza Kostková | 1 | |
| 4. | Současný trhák streamovací tel... | Squid | 1 | |
| 5. | Unie českých fotbalových trené... | Pavel Vrba | 1 | |
| 6. | Pojďme se společně chvíli troc... | Vilém | 1 | |
| 7. | I v nevinně vypadajících hračk... | Annabelle | 1 | |
| 8. | Máloco člověku způsobilo takov... | A) Doktor Spánek | 1 | |
| 9. | Dokážete správně přiřadit tyto... | 1A 2B 3D 4C | 1 | |
| 10. | Bílá paní je nejen nadpřirozen... | gin | 0 |